| 000 | 01618cam a2200457 i 4500 | ||
|---|---|---|---|
| 001 | 42819 | ||
| 003 | KOSZ 005 | ||
| 005 | 20191210145717.0 | ||
| 008 | 011026s2002 pl a f f |000 0 pol | ||
| 015 | _aPB 2002/6385 | ||
| 020 | _a830113443X | ||
| 040 |
_aWA N _cWA N _dKOSZ 005/HR |
||
| 080 | _a519.8 | ||
| 080 | _a330.45 | ||
| 080 | _a(075.8) | ||
| 245 | 0 | 0 |
_aBadania operacyjne w przykładach i zadaniach / _cZbigniew Jędrzejczyk, Karol Kukuła, Jerzy Skrzypek, Anna Walkosz ; pod red. Karola Kukuły. |
| 250 | _aWyd. 4 zm. | ||
| 260 |
_aWarszawa : _bWydaw. Naukowe PWN, _c2002. |
||
| 300 |
_a349, [1] s. : _bil., err. ; _c24 cm. |
||
| 336 |
_2rdacontent _aTekst _btxt |
||
| 337 |
_2rdamedia _aBez urządzenia pośredniczącego _bn |
||
| 338 |
_2rdacarrier _aWolumin _bnc |
||
| 380 | _aKsiążki | ||
| 380 | _aPublikacje dydaktyczne | ||
| 385 |
_mPoziom nauczania _aSzkoły wyższe |
||
| 388 | _a2001- | ||
| 500 | _aNa s. red. ISBN wyd. poprz. | ||
| 504 | _aBibliogr. | ||
| 650 | 4 | _aBadania operacyjne | |
| 655 | 4 | _aPodręczniki akademickie | |
| 658 | _aMatematyka | ||
| 658 | _aGospodarka, ekonomia, finanse | ||
| 700 | 1 |
_aKukuła, Karol _d(1948- ) _eAutor _eRedakcja |
|
| 700 | 1 |
_aJędrzejczyk, Zbigniew _c(nauki ekonomiczne) _eAutor |
|
| 700 | 1 |
_aSkrzypek, Jerzy _eAutor |
|
| 700 | 1 |
_aWalkosz, Anna _eAutor |
|
| 710 | 2 |
_aWydawnictwo Naukowe PWN _4pbl. |
|
| 856 |
_uhttp://koha.tu.koszalin.pl/cgi-bin/koha/opac-detail.pl?biblionumber=42819 _yKatalog online BPK |
||
| 856 |
_uhttp://libra.ibuk.pl/book/185732 _yIBUK |
||
| 942 |
_2UKD _cKS |
||
| 999 |
_c42819 _d42819 |
||